Body Language /

Guardado en:
Detalles Bibliográficos
Autor principal: Fast, Julius (autor)
Formato: Libro
Idioma:Inglés
Publicado: Londres, Inglaterra : Pan Books, 1970, c1970
Etiquetas: Agrega una etiqueta
Sin etiquetas, Sé el primero en etiquetar este registro!

MARC

LEADER 00000nam^a2200000^a^4500
001 000560981
005 20250521000000.0
009 20260310131914.086
020 |a 0-330-02862-6 
037 |a Acervo ITESO - Biblioteca 
041 |a ING 
091 |a FGM. 01370 
100 |a Fast, Julius  |e (autor) 
245 1 0 |a Body Language / 
264 4 |a Londres, Inglaterra :  |b Pan Books,  |c 1970, c1970 
300 |a 190 p. 
336 |a texto  |b txt  |2 rdacontenido 
337 |a sin mediación  |b n  |2 rdamedio 
338 |a volumen  |b nc  |2 rdasoporte 
649 |a XX 
910 |a Fondo Efraín González Morfín 
920 |a Impresos - Libros 
930 |a Fondos Especiales 
905 |a 130 
901 |a 0500385942  |b IT2  |c ESL  |i D90930  |u 20250521 
902 |a https://opac.biblio.iteso.mx/vufind/Record/000560981